000 00522nam a2200181Ia 4500
003 GCL
008 140319s9999 xx 000 0 ara d
040 _aGCL /
_cGCL
082 0 4 _aد
_b050
100 1 _aعلى الراعى
245 1 0 _aالمسرح فى الوطن العربى (عالم المعرفة 25) /
_cعلى الراعى
300 _a58 ص
490 _aعالم المعرفة
_v25
650 0 4 _aالمسرح
650 0 4 _aالمسرح - نقد
650 0 4 _aالمسرح - تاريخ
942 _2ddc
_cBK
999 _c50247
_d50247